Countries of Europe - Statistics

General Stats
  • This quiz has been taken 13 times
  • The average score is 37 of 45
Answers on the Map
Answers color-coded by a green-red scale on the quiz's map according to % correct below.
 
Answer Stats
Answer % Correct
Finland
100%
Iceland
100%
Ireland
100%
Russia
100%
United Kingdom
100%
Estonia
92%
Italy
92%
Norway
92%
Poland
92%
Portugal
92%
San Marino
92%
Spain
92%
Sweden
92%
Ukraine
92%
Vatican City
92%
Bulgaria
83%
France
83%
Germany
83%
Greece
83%
Malta
83%
Moldova
83%
Netherlands
83%
Albania
75%
Andorra
75%
Austria
75%
Belarus
75%
Belgium
75%
Denmark
75%
Kosovo
75%
Latvia
75%
Liechtenstein
75%
Lithuania
75%
Luxembourg
75%
Montenegro
75%
Romania
75%
Switzerland
75%
Bosnia and Herzegovina
67%
Croatia
67%
Czech
Republic
67%
Hungary
67%
Monaco
67%
North Macedonia
67%
Serbia
67%
Slovakia
67%
Slovenia
67%
No matching quizzes found
Score Distribution
Percent of People with Each Score
Percentile by Number Answered
Your Score History
You have not taken this quiz